Recent trends in biotechnology and microbiology / (Record no. 234623)
[ view plain ]
| 000 -LEADER | |
|---|---|
| fixed length control field | 03197cam a2200373 a 4500 |
| 001 - CONTROL NUMBER | |
| control field | 15945575 |
| 003 - CONTROL NUMBER IDENTIFIER | |
| control field | Nust |
| 005 - DATE AND TIME OF LATEST TRANSACTION | |
| control field | 20170328114010.0 |
| 008 - FIXED-LENGTH DATA ELEMENTS--GENERAL INFORMATION | |
| fixed length control field | 091013s2010 nyua b 001 0 eng |
| 010 ## - LIBRARY OF CONGRESS CONTROL NUMBER | |
| LC control number | 2009042902 |
| 020 ## - INTERNATIONAL STANDARD BOOK NUMBER | |
| International Standard Book Number | 81-7754-374-1 |
| 035 ## - SYSTEM CONTROL NUMBER | |
| System control number | (DNLM)101517224 |
| 040 ## - CATALOGING SOURCE | |
| Original cataloging agency | DNLM/DLC |
| Transcribing agency | ASAB |
| Modifying agency | DLC |
| 042 ## - AUTHENTICATION CODE | |
| Authentication code | pcc |
| 050 00 - LIBRARY OF CONGRESS CALL NUMBER | |
| Classification number | TP248.2 |
| Item number | .R435 2010 |
| 060 10 - NATIONAL LIBRARY OF MEDICINE CALL NUMBER | |
| Classification number | QU 450 |
| Item number | R295 2009 |
| 082 00 - DEWEY DECIMAL CLASSIFICATION NUMBER | |
| Classification number | 660.6 |
| Edition number | 22 |
| 245 00 - TITLE STATEMENT | |
| Title | Recent trends in biotechnology and microbiology / |
| Statement of responsibility, etc. | editor : Prof. P.R. Jatkar et.al.. |
| 300 ## - PHYSICAL DESCRIPTION | |
| Extent | xiii, 366 p. : |
| Other physical details | ill. (some col.) ; |
| Dimensions | 27 cm. |
| 490 0# - SERIES STATEMENT | |
| Series statement | Microbiology research advances series |
| 504 ## - BIBLIOGRAPHY, ETC. NOTE | |
| Bibliography, etc. note | Includes bibliographical references and index. |
| 505 0# - FORMATTED CONTENTS NOTE | |
| Formatted contents note | Functional fermented foods and health / J. B. Prajapati -- Microbes as a tool in insect pest management of horticultural crops in India : progress and prospects / P.N. Gangavisalakshy -- Genetic engineering for viral resistance in vegetable crops / P. Sharma, T. Ogawa & M. Ikegami -- Microarrays : concepts and applications / Smita Singh ... [et al.] -- Biological characterization, genome organization and management strategies of begomoviruses causing severe economic losses to chilli cultivation in India / M.S. Khan, S.K. Snehi & S.K. Raj -- Virus (es) infecting stone fruits : detection methods and biotechnological approaches towards management strategies / Vanita Chandel ... [et al.] -- Transgenic crops- another leapfrog technology / P. Balasubramanian -- Phytoplasma diseases of weeds : detection, taxonomy & diversity / Smriti Mall, Govind P. Rao & Carmine Marcone -- |
| 505 0# - FORMATTED CONTENTS NOTE | |
| Formatted contents note | An overview of gene silencing and its applications / Richa Raizada ... [et al.] -- Amplified fragment length polymorphism (AFLP) as molecular marker : a PCR based technique and its applications in plant sciences / Mangal Singh, Saroj Sharma and R.K. Gaur -- Mycorrhiza and its significance in crop improvement / Harish Dhingra & Sakshi Issar -- Biotechnology of post harvest diseases of fruits and vegetables / Sudhir Chandra, Raghvendra P. Narayan and H. K. Kehri -- NeuroAIDS in Indian scenario / A.S. Verma, A. Singh & P.D. Dwivedi -- In vitro morphogenesis (rhizogenesis) in Kalihari (Gloriosa superba L.) : an alternative source of colchicine production / M.S. Rathore ... [et al.] -- Genetically modified organisms & their applications in modern era / Sakshi Issar & Harish Dhingra -- Patenting of life forms : Indian scenario / Anvita Parashar -- IPR and agri-biotech management : the big picture / A.K.Sharma, Sushil Rai & Anjali Sharma. |
| 650 #0 - SUBJECT ADDED ENTRY--TOPICAL TERM | |
| Topical term or geographic name entry element | Biotechnology. |
| 650 #0 - SUBJECT ADDED ENTRY--TOPICAL TERM | |
| Topical term or geographic name entry element | Microbial biotechnology. |
| 650 #0 - SUBJECT ADDED ENTRY--TOPICAL TERM | |
| Topical term or geographic name entry element | Genetic engineering. |
| 650 12 - SUBJECT ADDED ENTRY--TOPICAL TERM | |
| Topical term or geographic name entry element | Genetic Engineering |
| General subdivision | methods |
| Geographic subdivision | India. |
| 650 22 - SUBJECT ADDED ENTRY--TOPICAL TERM | |
| Topical term or geographic name entry element | Biotechnology |
| Geographic subdivision | India. |
| 650 22 - SUBJECT ADDED ENTRY--TOPICAL TERM | |
| Topical term or geographic name entry element | Crops, Agricultural |
| General subdivision | microbiology |
| Geographic subdivision | India. |
| 700 1# - ADDED ENTRY--PERSONAL NAME | |
| Personal name | Gaur, Rajarshi Kumar. |
| 906 ## - LOCAL DATA ELEMENT F, LDF (RLIN) | |
| a | 7 |
| b | cbc |
| c | orignew |
| d | 1 |
| e | ecip |
| f | 20 |
| g | y-gencatlg |
| 942 ## - ADDED ENTRY ELEMENTS (KOHA) | |
| Source of classification or shelving scheme | |
| Koha item type | Book |
| Withdrawn status | Lost status | Source of classification or shelving scheme | Damaged status | Not for loan | Collection code | Permanent Location | Current Location | Date acquired | Total Checkouts | Full call number | Barcode | Date last seen | Price effective from | Koha item type |
|---|---|---|---|---|---|---|---|---|---|---|---|---|---|---|
| Atta-ur-Rahman School of Applied Biosciences (ASAB) | Atta-ur-Rahman School of Applied Biosciences (ASAB) | 03/28/2017 | 660.6 JAT | ASAB1636 | 03/28/2017 | 03/28/2017 | Book |
